Etiqueta de registo: 00230nas 2200025 450
001 1725651
003 http://id.bnportugal.gov.pt/bib/catbnp/1725651
011 ## $a1647-3965$f1647-3965
021 ## $aPT$b298194/09
100 ## $a20090930a20109999m y0pory0103 ba
101 0# $apor
102 ## $aPT
106 ## $ar
110 ## $aakazz 0uu0
200 1# $aPensardiverso$erevista de estudos lusófonos$fUniversidade da Madeira$gdir. Celina Martins
207 #1 $aNº 1 (Fev. 2010)-
210 #9 $aFunchal$cUniversidade da Madeira,$d2010-
215 ## $d24 cm
326 ## $aAnual
517 1# $aPensar diverso
530 1# $aPensardiverso$b(Funchal)
620 ## $dFunchal
675 ## $a82.09(05)$vBN$zpor$3340168
700 #1 $92$aMartins,$bCelina$4300$31393706
712 02 $aUniversidade da Madeira$4650$370220
801 #0 $aPT$bBN$gRPC
802 ## $a18
900 ## $aBIBNAC$d20110516
966 ## $lBN$mFGREV$pTextype-Artes Gráficas$sP.P. 30401 V.$x1
Etiqueta de registo: 00000nam 2200025 450
001 2278065
003 http://id.bnportugal.gov.pt/bib/catbnp/2278065
021 ## $aPT$b550518/25
100 ## $a20260309d2025 m y0pory01030103ba
101 0# $apor
102 ## $aPT
105 ## $ay z 000yd
106 ## $ar
200 1# $a Um olhar que lê - homenagem a Vamberto Freitas$fCelina Martins... [et al.]
210 #9 $a[S.l.]$cLetras Lavadas,$dcop. 2025
215 ## $a63 p.$d20 cm
675 ## $a821.134.3Freitas, Vamberto.09(042)$vBN$zpor$31995194
701 #1 $92$aMartins,$bCelina$31393706
801 #0 $aPT$bBN$gRPC
856 41 $uhttp://rnod.bnportugal.gov.pt/ImagesBN/winlibimg.aspx?skey=&doc=2278065&img=221203&save=true
900 ## $aBIBNAC$d20260420
966 ## $lBN$mFGMON$sL. 123783 P.$x1
966 ## $lBN$mFGMON$sL. 123783 P.-D$x1
971 ## $corlando$d20260309
972 ## $e0$z0$d20260420$vlrevez
973 ## $cigoulao$d20260409